000 00890nam a22002297a 4500
999 _c2534
_d2534
003 AR-CdUCM
008 190304b ||||| |||| 00| 0 spa d
040 _aMUNICIPALIDAD PROVINCIAL DEL CUSCO
_cBIBLIOTECA MUNICIPAL DEL CUSCO
082 _a379.85 /
_bC95
100 _aCueto Fernandini, Carlos
_98981
245 _aPadres, maestros e hijos /
260 _aLima :
_bSesator,
_c1970.
300 _a160 páginas ;
_c21 cm.
505 _aContenido: Educación y desarrollo -- Educación pre-escolar -- Educación primaria -- educación secundaria -- Cultura y adolescencia -- exámenes -- Padres, maestros e hijos ...
650 _aEducación - Conceptos
_98982
650 _aEducación primaria
_91561
650 _aEducación secundaria
_94648
650 _aEnsayos
_9375
650 _aArtículos - Carlos Cueto Fernandini
_98983
942 _2ddc
_cLIBROS
945 _alccs
_d2019-03-04